| 000 | 00386nam a2200145 a 4500 | ||
|---|---|---|---|
| 082 |
_a516.242 _bNAR |
||
| 100 | 1 |
_aNaryan, Shanti _939430 |
|
| 245 | 1 | _aPlane trigonometry | |
| 260 |
_aKarachi _bUnion Book Stall _c1968 |
||
| 300 |
_a225 p.: _bill, _c20 CM |
||
| 526 |
_a0 _b0 _c0 _d516_242000000000000_NAR |
||
| 650 |
_aMCE _9379 |
||
| 650 |
_aPlane Trigonometry _939132 |
||
| 942 |
_2ddc _cBK |
||
| 999 |
_c543925 _d543925 |
||